Resúmenes de documentos sobre deuda externa

Uloženo v:
Podrobná bibliografie
Korporativní autor: Naciones Unidas (Autor)
Médium: Kniha
Jazyk:španělština
Vydáno: Santiago CEPAL 1986
Edice:INFOPLAN: Temas Especiales del Desarrollo, 1
Témata:
Tagy: Přidat tag
Žádné tagy, Buďte první, kdo vytvoří štítek k tomuto záznamu!

MARC

LEADER 00000nam a2200000 a 4500
001 UCR8003
003 CL-VaPUC
008 980519e19860000CL |||||||||||||||||spa|d
082 0 4 |a 336.34  |b NAC  |2 21 
110 2 |a Naciones Unidas  |e author  |9 409622 
245 1 0 |a Resúmenes de documentos sobre deuda externa 
300 |a 325 p 
942 |c BK 
945 |d 19980519 00:00:00  |a crobeson 
260 |a Santiago  |b CEPAL  |c 1986 
650 7 |a DEUDA EXTERNA  |2 CL-VaPUC  |9 314619 
650 0 |a Deuda pública  |9 317902 
651 0 |a Latinoamérica  |9 316393 
583 |a last modification  |c 19980519 00:00:00  |k Rodrigo Vera 
490 0 |a INFOPLAN: Temas Especiales del Desarrollo, 1 
999 |c 269574  |d 269572 
952 |0 0  |1 0  |4 0  |6 336_340000000000000_NAC_1986  |7 0  |8 A  |9 303346  |a BIBENE  |b BIBENE  |d 2019-11-20  |i 1400800  |o 336.34 NAC 1986  |p 1400800  |r 2025-01-15  |w 2019-11-20  |y BK  |k ICO